| 000 | 00855nam0a22002291 4500 | ||
|---|---|---|---|
| 001 | rc\2752683 | ||
| 005 | 20260407121849.0 | ||
| 035 | _a(NLR Aleph) 006879537 | ||
| 090 |
_a7032559 _c7032559 |
||
| 100 | _a20110915d1939 |||y0rusy50 ca | ||
| 101 | 0 | _arus | |
| 102 | _aRU | ||
| 105 | _ay z ||||| | ||
| 200 | 1 |
_aИнструкция о порядке составления квартальных отчетов по исполнению местных бюджетов _fНар. ком. фин. СССР, по Бюджет. упр. |
|
| 210 |
_a[Москва] _cБ. и. _d[1939] |
||
| 215 |
_a20 с., без обл. и тит. л. _d20 см. |
||
| 710 | 0 | 1 |
_aСССР _bБюджетное управление _9411639 _3RU\NLR\AUTH\889957780 |
| 801 | 0 |
_aRU _bNLR _gpsbo |
|
| 801 | 1 |
_aRU _bELAR _2rusmarc |
|
| 852 |
_aNLR _j39-10/2754 |
||
| 942 | _cBOOK | ||
| 980 | _aNB | ||